000 00581cam a22002291 4500
001 sa 65003252
003 DLC
005 20260227112122.0
008 941020s1959 ii 000 0 beno
010 _asa 65003252
025 _aPL480:EP-B-699
035 _a(OCoLC)31322383
040 _aDLC
_cCU
_dCU
_dDLC
042 _apremarc
050 0 0 _aHN40.M6
_bN3
100 1 _aNazibullah, Abu Nasar Md.,
_d1906-
245 1 0 _aIslāmī sushṭhu samādhāna.
260 _c[1959]
300 _a3, 100 p.
_c18 cm.
500 _aIn Bengali.
650 0 _aIslam and social problems.
999 _c63043
_d63043